[Event "DVM 2008 U20"]
[Site "Arendsee"]
[Date "2008.12.28"]
[Round "4.1"]
[Board "1"]
[White "Bracker, Frank"]
[Black "Nuber, Korbinian"]
[Result "1-0"]
[WhiteElo "2222"]
[BlackElo "2106"]
[WhiteTeam "Hamburger SK von 1830"]
[BlackTeam "SC Dillingen"]

1. e4 Nf6 2. e5 Nd5 3. d4 d6 4. c4 Nb6 5. exd6 exd6 6. Nc3 Be7 7. Bd3 O-O 8.
Nge2 Nc6 9. O-O Re8 10. b3 Bf6 11. h3 g6 12. Be3 Bg7 13. Qd2 Ne7 14. Bg5 f6 15.
Bf4 Bf5 16. d5 Bxd3 17. Qxd3 Nd7 18. Nd4 Nf8 19. Rae1 Qd7 20. Bh2 Rad8 21. Nce2
f5 22. Nf4 Bxd4 23. Qxd4 Nc8 24. f3 Rxe1 25. Rxe1 Re8 26. Bg3 Qf7 27. h4 a6 28.
Kf1 Nb6 29. Rxe8 Qxe8 30. Be1 Nbd7 31. Nd3 b6 32. Bc3 Qe7 33. Nb4 Ne5 34. Nxa6
g5 35. hxg5 Nfg6 36. Bd2 f4 37. Bxf4 Nd3 38. Be3 Ngf4 39. g3 Qd7 40. Bxf4 Qh3+
41. Ke2 Nxf4+ 42. gxf4 Qg2+ 43. Qf2 1-0

[Event "DVM 2008 U20"]
[Site "Arendsee"]
[Date "2008.12.28"]
[Round "4.2"]
[Board "2"]
[White "Billing, Christian"]
[Black "Bracker, Arne"]
[Result "0-1"]
[WhiteElo "2214"]
[BlackElo "2162"]
[WhiteTeam "SC Dillingen"]
[BlackTeam "Hamburger SK von 1830"]

1. e4 e5 2. Nf3 Nc6 3. Bc4 Nf6 4. d3 Bc5 5. O-O d6 6. c3 a6 7. h3 Ba7 8. a4 h6
9. Re1 O-O 10. Nbd2 Be6 11. Bxe6 fxe6 12. Qb3 Qd7 13. g3 Rab8 14. Qd1 Qf7 15.
Kg2 Nh5 16. Nf1 Qg6 17. Be3 Nf4+ 18. Bxf4 Rxf4 19. N1d2 Rf7 20. Qe2 Rbf8 21.
Rf1 Kh7 22. Rab1 Qf6 23. Rh1 g5 24. Rbg1 Kg7 25. Kf1 h5 26. g4 h4 27. Kg2 Ne7
28. Rb1 Ng6 29. Kh2 Qxf3 30. Nxf3 Rxf3 31. Rbf1 Rxh3+ 32. Kg1 Nf4 33. Rxh3
Nxe2+ 34. Kh2 Bxf2 35. b4 Bg3+ 36. Kg2 Nf4+ 0-1

[Event "DVM 2008 U20"]
[Site "Arendsee"]
[Date "2008.12.28"]
[Round "4.3"]
[Board "3"]
[White "Dalakian, Haroutioun"]
[Black "Nuber, Blasius"]
[Result "1/2-1/2"]
[WhiteElo "2069"]
[BlackElo "2073"]
[WhiteTeam "Hamburger SK von 1830"]
[BlackTeam "SC Dillingen"]

1. Nf3 Nf6 2. c4 c6 3. d4 d5 4. e3 e6 5. Bd3 Nbd7 6. Nbd2 Be7 7. O-O O-O 8. b3
b6 9. Bb2 Bb7 10. e4 dxe4 11. Nxe4 c5 12. Qe2 Qc8 13. Rad1 h6 14. Rfe1 Re8 15.
dxc5 Nxe4 16. Bxe4 Bxe4 17. Qxe4 Nxc5 18. Qg4 Bf8 19. Ne5 a5 20. Qf3 Qb7 21.
Qxb7 Nxb7 22. Rd7 Re7 23. Red1 Nc5 24. Rd8 Re8 25. Rxe8 Rxe8 26. Kf1 Rc8 27.
Nd3 a4 28. Nxc5 Bxc5 29. Ke2 axb3 30. axb3 Ra8 31. Ra1 Rd8 32. f3 f6 33. Bc3
Kf7 34. b4 Bd6 35. Ra7+ Kg6 36. g3 h5 37. Rb7 h4 38. Rxb6 Bxg3 39. hxg3 h3 40.
Ra6 Rd1 41. Kxd1 h2 42. Rxe6 h1=Q+ 43. Kd2 Qxf3 44. Re3 Qc6 45. c5 Kf5 46. Bd4
Qd5 47. Kc3 Qa2 48. Kd3 Qb3+ 49. Bc3 Qd5+ 1/2-1/2

[Event "DVM 2008 U20"]
[Site "Arendsee"]
[Date "2008.12.28"]
[Round "4.4"]
[Board "4"]
[White "Nuber, Helene"]
[Black "Colpe, Malte"]
[Result "1/2-1/2"]
[WhiteElo "2040"]
[BlackElo "2089"]
[WhiteTeam "SC Dillingen"]
[BlackTeam "Hamburger SK von 1830"]

1. e4 c5 2. d3 Nc6 3. Be3 Nf6 4. g3 d5 5. f3 e5 6. Bg2 dxe4 7. dxe4 Qxd1+ 8.
Kxd1 Be6 9. c3 O-O-O+ 10. Kc2 Bc4 11. Nd2 Bd3+ 12. Kc1 Be7 13. Nh3 b5 14. a3 a5
15. Nf2 b4 16. axb4 axb4 17. Nb3 c4 18. Nd2 Kc7 19. Nxd3 Rxd3 20. Nxc4 bxc3 21.
b3 Bb4 22. Kc2 Rxe3 23. Nxe3 Rd8 24. Rhd1 Nd4+ 25. Kb1 Kb6 26. Ra4 Kc5 27. Nc2
Rb8 28. Nxd4 exd4 29. Kc2 Nd7 30. f4 g5 31. Ra7 Nf6 32. Rc7+ Kb6 33. Rxf7 Ng4
34. Rxd4 Ne3+ 35. Kd3 Bc5 36. Rf6+ Kb5 37. Kxe3 gxf4+ 38. Kd3 Bxd4 39. Rxf4 Rd8
40. Rf5+ Kb4 41. Kc2 Be3 42. Rd5 Rf8 43. Rf5 Rd8 44. Rd5 1/2-1/2

[Event "DVM 2008 U20"]
[Site "Arendsee"]
[Date "2008.12.28"]
[Round "4.5"]
[Board "5"]
[White "Wiese, Phil"]
[Black "Darr, Thomas"]
[Result "1/2-1/2"]
[WhiteElo "1966"]
[BlackElo "1972"]
[WhiteTeam "Hamburger SK von 1830"]
[BlackTeam "SC Dillingen"]

1. d4 Nf6 2. Nf3 g6 3. g3 Bg7 4. Bg2 c5 5. c3 Na6 6. O-O O-O 7. Nbd2 d6 8. Re1
Rb8 9. e4 Nc7 10. b3 b6 11. Bb2 Bb7 12. d5 Nd7 13. Qc2 b5 14. Rab1 Nb6 15. c4
Bxb2 16. Rxb2 bxc4 17. bxc4 Bc8 18. Rb3 Na6 19. e5 Bf5 20. Ne4 Nd7 21. exd6
exd6 22. Qd2 Bxe4 23. Rxe4 Qf6 24. Qa5 Rxb3 25. axb3 Ndb8 26. Re3 Qd8 27. Qxd8
Rxd8 28. Ng5 h6 29. Ne4 Nc7 30. Bh3 f5 31. Nc3 Kf7 32. Kg2 Kf6 33. f4 Re8 34.
Rxe8 Nxe8 35. Kf3 g5 36. Bf1 Na6 37. Nb5 Nb4 38. Nxa7 Kf7 39. Nb5 Ke7 40. Ke3
Nf6 41. Bh3 g4 42. Bg2 Nd7 43. Na7 Nb8 44. Nb5 Nd7 45. Kd2 Nb6 46. Na7 Kd8 47.
Nc6+ Kd7 48. Bh1 Ke8 49. Kc3 Na2+ 50. Kb2 Nb4 51. Bg2 Kd7 52. Kc3 Na2+ 53. Kd2
Ke8 54. Bf1 Kf7 55. Bg2 1/2-1/2

[Event "DVM 2008 U20"]
[Site "Arendsee"]
[Date "2008.12.28"]
[Round "4.6"]
[Board "6"]
[White "Schwarz, Andreas"]
[Black "Held, Florian"]
[Result "1/2-1/2"]
[WhiteElo "1843"]
[BlackElo "1943"]
[WhiteTeam "SC Dillingen"]
[BlackTeam "Hamburger SK von 1830"]

1. e4 c5 2. Nf3 d6 3. d4 cxd4 4. Nxd4 Nf6 5. Nc3 a6 6. Be2 e6 7. Be3 Be7 8. Qd2
O-O 9. O-O-O Nc6 10. h4 Nd7 11. g4 Nxd4 12. Qxd4 b5 13. g5 Rb8 14. f4 b4 15.
Na4 e5 16. fxe5 Nxe5 17. Bf4 Qa5 18. b3 Bb7 19. Kb1 Rfe8 20. Rhf1 Rbc8 21. Qb6
Qxb6 22. Nxb6 Rc5 23. Nd5 Bf8 24. Be3 Rcc8 25. Bf2 a5 26. Nb6 Rb8 27. Nd5 Bc6
28. Rfe1 1/2-1/2

[Event "DVM 2008 U20"]
[Site "Arendsee"]
[Date "2008.12.28"]
[Round "4.1"]
[White "Mazarov, Jürgen"]
[Black "Schneider, David"]
[Result "0-1"]
[WhiteElo "2139"]
[BlackElo "2218"]
[PlyCount "84"]
[EventDate "2008.??.??"]
[WhiteTeam "SG Bochum 1931"]
[BlackTeam "FSV Großenseebach"]

1. e4 c5 2. Nf3 e6 3. d4 cxd4 4. Nxd4 a6 5. Bd3 Bc5 6. Nb3 Be7 7. Qg4 g6 8. Qe2
d6 9. O-O Nd7 10. f4 Qc7 11. Bd2 Ngf6 12. Nc3 b5 13. Rae1 b4 14. Nd1 e5 15. Kh1
a5 16. fxe5 dxe5 17. Bh6 Bf8 18. Bxf8 Kxf8 19. Qf2 Kg7 20. Re3 Qb6 21. Rf3 Qxf2
22. R3xf2 Rf8 23. Ne3 Bb7 24. Nd2 Ne8 25. Bc4 Nd6 26. Bd5 Bxd5 27. Nxd5 Rfc8
28. c3 bxc3 29. Nxc3 Nc5 30. Rf6 Rd8 31. R6f2 Nd3 32. Re2 Nxb2 33. Nd5 Nd3 34.
Nf6 Nf4 35. Rxf4 exf4 36. e5 Nc4 37. Nfe4 Nxd2 38. Nxd2 Rd5 39. Kg1 Re8 40. Nf3
h6 41. g3 fxg3 42. hxg3 Rc8 0-1

[Event "DVM 2008 U20"]
[Site "Arendsee"]
[Date "2008.12.28"]
[Round "4.2"]
[White "Seyb, Alexander"]
[Black "Ratkovitch, Dimitri"]
[Result "1-0"]
[WhiteElo "2241"]
[BlackElo "2119"]
[PlyCount "85"]
[EventDate "2008.??.??"]
[WhiteTeam "FSV Großenseebach"]
[BlackTeam "SG Bochum 1931"]

1. e4 d6 2. d4 Nf6 3. Nc3 g6 4. f4 Bg7 5. Nf3 c5 6. Bb5+ Bd7 7. e5 Ng4 8. Bxd7+
Qxd7 9. d5 dxe5 10. h3 e4 11. hxg4 exf3 12. Qxf3 Na6 13. Bd2 O-O-O 14. O-O-O
Nc7 15. Be1 f5 16. gxf5 gxf5 17. Rh5 Bf6 18. Qh3 Rhg8 19. Rxh7 Rh8 20. Rxh8
Rxh8 21. Qf3 Rd8 22. g3 b6 23. Nb1 Nb5 24. c3 Kb8 25. b3 Qb7 26. Qd3 Qd7 27. a4
Nc7 28. c4 Rh8 29. Bc3 Ne8 30. Be5+ Kb7 31. Nc3 Rh3 32. Qf3 Nd6 33. Rh1 Rxh1+
34. Qxh1 Nf7 35. Bxf6 exf6 36. Qh7 Qe7 37. Kd2 Qd7 38. Qg6 Nd6 39. Qxf6 Ka6 40.
Qe5 Ne4+ 41. Nxe4 fxe4 42. Qxe4 Qg7 43. Qd3 1-0

[Event "DVM 2008 U20"]
[Site "Arendsee"]
[Date "2008.12.28"]
[Round "4.3"]
[White "Tkachuk, Konstantyn"]
[Black "Linsenmeyer, Mario"]
[Result "1-0"]
[WhiteElo "2154"]
[BlackElo "2101"]
[PlyCount "115"]
[EventDate "2008.??.??"]
[WhiteTeam "SG Bochum 1931"]
[BlackTeam "FSV Großenseebach"]

1. e4 c5 2. Nf3 d6 3. d4 cxd4 4. Nxd4 Nf6 5. Nc3 a6 6. Bg5 Nbd7 7. f4 b5 8. Qf3
Bb7 9. a3 e6 10. O-O-O Rc8 11. Bd3 Qb6 12. Bxf6 Nxf6 13. f5 e5 14. Nb3 Rxc3 15.
bxc3 d5 16. Kb2 dxe4 17. Qg3 Bd6 18. Be2 O-O 19. Rd2 Rc8 20. Rhd1 Bb8 21. Qh3
a5 22. g4 a4 23. Nc1 h6 24. Na2 Ba7 25. Qg3 Qc7 26. g5 hxg5 27. Qxg5 e3 28. Rd6
Bd4 29. R6xd4 exd4 30. Rg1 dxc3+ 31. Ka1 Ne8 32. Bxb5 Qb6 33. Rb1 Qd4 34. Bd3
Be4 35. Rb4 Qd6 36. Bxe4 e2 37. Qg1 Qd2 38. Rb1 Rd8 39. Bd3 Rxd3 40. cxd3 c2
41. Rc1 Qxd3 42. Qg3 Qd1 43. Qe1 Nd6 44. Nc3 Qd3 45. Qg3 Qd1 46. Nxe2 Nxf5 47.
Qc3 Qxe2 48. Qc8+ Kh7 49. Qxf5+ Kh6 50. Qxc2 Qe5+ 51. Qb2 Qd5 52. Rg1 f6 53.
Qc1+ g5 54. Qc3 Qe6 55. Re1 Qf5 56. h3 Kg6 57. Kb2 Kh6 58. Rc1 1-0

[Event "DVM 2008 U20"]
[Site "Arendsee"]
[Date "2008.12.28"]
[Round "4.4"]
[White "Kirch, Daniel"]
[Black "Werthebach, Felix"]
[Result "0-1"]
[WhiteElo "2081"]
[BlackElo "2128"]
[PlyCount "64"]
[EventDate "2008.??.??"]
[WhiteTeam "FSV Großenseebach"]
[BlackTeam "SG Bochum 1931"]

1. d4 f5 2. g3 Nf6 3. Bg2 g6 4. c4 Bg7 5. Nc3 O-O 6. Nf3 d6 7. O-O Qe8 8. d5 a5
9. Nd4 Na6 10. b3 Bd7 11. Bb2 Nc5 12. Qd2 c6 13. a3 Nfe4 14. Nxe4 Nxe4 15. Qc2
cxd5 16. cxd5 Rc8 17. Qd3 Qf7 18. Rab1 Nf6 19. Ne6 Bxe6 20. Bxf6 Bd7 21. Bxg7
Qxg7 22. Rfc1 Qf6 23. Rc4 Bb5 24. e3 a4 25. Qd2 Bxc4 26. bxc4 Rxc4 27. Bf1 Rc3
28. Rxb7 Rxa3 29. Bb5 Rb3 30. Qe2 Qb2 31. Qc4 Qb1+ 32. Kg2 Qe4+ 0-1

[Event "DVM 2008 U20"]
[Site "Arendsee"]
[Date "2008.12.28"]
[Round "4.5"]
[White "Pilat, Daniel"]
[Black "Kirch, Florian"]
[Result "1-0"]
[WhiteElo "2075"]
[BlackElo "2012"]
[PlyCount "94"]
[EventDate "2008.??.??"]
[WhiteTeam "SG Bochum 1931"]
[BlackTeam "FSV Großenseebach"]

1. d4 Nf6 2. e3 e6 3. Bd3 c5 4. b3 Nc6 5. Bb2 b6 6. Nf3 Bb7 7. O-O Rc8 8. a3
Be7 9. Nbd2 O-O 10. Rc1 Qc7 11. Ne5 d6 12. Ng4 cxd4 13. exd4 d5 14. Re1 Qf4 15.
Nxf6+ Bxf6 16. Nf3 Rfd8 17. Re3 g6 18. Bb5 Ne7 19. Ne5 Nf5 20. Re1 Nd6 21. g3
Qg5 22. h4 Qh6 23. Ng4 Qg7 24. Nxf6+ Qxf6 25. Bd3 h5 26. Qe2 Nf5 27. Qf3 Rc7
28. Rcd1 Qg7 29. Bc1 Rdc8 30. Qf4 Rd7 31. Re5 Ne7 32. Re2 a6 33. Bd2 Nc6 34. c3
Na5 35. Bc2 Nc6 36. Bb1 Qf8 37. Qf3 Na5 38. Bc2 Nc6 39. Bg5 Rdc7 40. Qf4 Kh7
41. g4 hxg4 42. h5 Ne7 43. Qxg4 Rxc3 44. hxg6+ Nxg6 45. Qh5+ Kg8 46. Bh6 Qe8
47. Bb1 Rxb3 1-0

[Event "DVM 2008 U20"]
[Site "Arendsee"]
[Date "2008.12.28"]
[Round "4.6"]
[White "Quaschner, Tobias"]
[Black "Hobusch, Alexander"]
[Result "1/2-1/2"]
[WhiteElo "1893"]
[BlackElo "1999"]
[PlyCount "66"]
[EventDate "2008.??.??"]
[WhiteTeam "FSV Großenseebach"]
[BlackTeam "SG Bochum 1931"]

1. e4 e6 2. d4 d5 3. exd5 exd5 4. Bd3 c5 5. dxc5 Bxc5 6. Nf3 Nf6 7. O-O O-O 8.
h3 Nc6 9. Bg5 Qd6 10. Nbd2 Re8 11. Bxf6 Qxf6 12. c3 Be6 13. Re1 Rad8 14. Qc2 h6
15. Re2 Bb6 16. a3 Bd7 17. Rae1 Rxe2 18. Rxe2 Re8 19. Rxe8+ Bxe8 20. Nb3 Bd7
21. Qe2 g6 22. Bb5 Kg7 23. Bd3 Qf4 24. Qd2 Qf6 25. Qe2 Qf4 26. Qd2 Qf6 27. Qe2
Qd6 28. Nbd4 Qf6 29. Nb3 Be6 30. Kf1 Qf4 31. Bc2 Bf5 32. Bxf5 Qxf5 33. g4 Qe6
1/2-1/2

[Event "DVM 2008 U20"]
[Site "Arendsee"]
[Date "2008.12.28"]
[Round "4.1"]
[White "Coenen, Michael"]
[Black "Strache, Michael"]
[Result "1-0"]
[WhiteElo "2268"]
[BlackElo "2202"]
[PlyCount "109"]
[EventDate "2008.??.??"]
[WhiteTeam "SG Porz"]
[BlackTeam "SV Sangerhausen"]

1. e4 e5 2. Nf3 Nc6 3. Bb5 Nf6 4. O-O Nxe4 5. d4 Nd6 6. Bxc6 dxc6 7. dxe5 Nf5
8. Qxd8+ Kxd8 9. Nc3 h6 10. h3 Ne7 11. Rd1+ Ke8 12. Bf4 Ng6 13. Bh2 Bb4 14. Ne2
Be7 15. Rd2 Bg5 16. Nxg5 hxg5 17. Rad1 Be6 18. Nd4 Nf8 19. b3 a6 20. c4 c5 21.
Ne2 Bd7 22. e6 Bxe6 23. Bxc7 Bd7 24. Bb6 Rc8 25. Rd5 f6 26. Rxc5 Bc6 27. Ra5
Ne6 28. b4 Be4 29. Ng3 Bc2 30. Rd6 Ke7 31. Rad5 Rxc4 32. Rd7+ Ke8 33. Rd8+ Nxd8
34. Rxd8+ Kf7 35. Rxh8 Rxb4 36. Ba7 Ra4 37. Rc8 Rxa2 38. Rc7+ Kg6 39. Rxb7 Ra1+
40. Kh2 a5 41. Bc5 Rb1 42. Ra7 a4 43. Bf8 f5 44. Rxg7+ Kf6 45. Rc7 Bb3 46. Ra7
Ke6 47. Ra6+ Kf7 48. Bc5 Bc2 49. Ne2 Rb5 50. Ba3 Rd5 51. Ra7+ Kg6 52. Ra6+ Kf7
53. Bc1 f4 54. Ra7+ Kg6 55. Bxf4 1-0

[Event "DVM 2008 U20"]
[Site "Arendsee"]
[Date "2008.12.28"]
[Round "4.2"]
[White "Lieder, Konrad"]
[Black "Savchenko, Aleksij"]
[Result "1-0"]
[WhiteElo "2192"]
[BlackElo "2203"]
[PlyCount "69"]
[EventDate "2008.??.??"]
[WhiteTeam "SV Sangerhausen"]
[BlackTeam "SG Porz"]

1. g3 Nf6 2. Bg2 c5 3. c4 e6 4. Nf3 Qc7 5. O-O b6 6. b3 Bb7 7. Bb2 Nc6 8. Nc3
a6 9. e4 d6 10. d3 Be7 11. a3 O-O 12. Qc2 Rab8 13. Rae1 Ba8 14. Qb1 b5 15. cxb5
axb5 16. Ne2 e5 17. Nd2 Rfd8 18. Rc1 Qa7 19. h3 Bf8 20. Kh2 d5 21. f4 d4 22.
Nf3 Nd7 23. Qa2 c4 24. bxc4 b4 25. fxe5 Ndxe5 26. Nxe5 Nxe5 27. Bxd4 Rxd4 28.
Nxd4 Qxd4 29. axb4 Nxd3 30. c5 Ne5 31. c6 Bxb4 32. c7 Rc8 33. Qa6 Qd7 34. Rfd1
Bd2 35. Rxd2 1-0

[Event "DVM 2008 U20"]
[Site "Arendsee"]
[Date "2008.12.28"]
[Round "4.3"]
[White "Kuznetsov, Mark"]
[Black "Günther, Christian"]
[Result "0-1"]
[WhiteElo "2022"]
[BlackElo "2110"]
[PlyCount "88"]
[EventDate "2008.??.??"]
[WhiteTeam "SG Porz"]
[BlackTeam "SV Sangerhausen"]

1. e4 c5 2. Nc3 d6 3. d3 e6 4. g3 g6 5. Bg2 Bg7 6. Nge2 Ne7 7. O-O O-O 8. d4
cxd4 9. Nxd4 a6 10. Be3 Nbc6 11. a4 Qc7 12. Nb3 Ne5 13. Nd2 b6 14. f4 Nd7 15.
Nb3 Bb7 16. Bd4 Nf6 17. a5 b5 18. Bb6 Qb8 19. Qe2 Nd7 20. Bf2 Qc7 21. Rfd1 Rfd8
22. Nd4 Rac8 23. Rd2 Qb8 24. Ndxb5 axb5 25. a6 Bc6 26. a7 Qb7 27. Rxd6 Bxc3 28.
bxc3 Nf6 29. Bc5 Rxd6 30. Bxd6 Ra8 31. Qe3 Nc8 32. Be5 Ng4 33. Qd4 Nxe5 34.
Qd8+ Kg7 35. fxe5 Ne7 36. Qd4 Be8 37. Qf2 Nc6 38. Qf6+ Kg8 39. h4 Rxa7 40. Rf1
Qe7 41. Qf4 Qc5+ 42. Kh2 Qxe5 43. Qe3 Ra3 44. Rf3 b4 0-1

[Event "DVM 2008 U20"]
[Site "Arendsee"]
[Date "2008.12.28"]
[Round "4.4"]
[White "Richter, Dustin"]
[Black "Senay, Baris"]
[Result "1-0"]
[WhiteElo "1927"]
[BlackElo "1865"]
[PlyCount "55"]
[EventDate "2008.??.??"]
[WhiteTeam "SV Sangerhausen"]
[BlackTeam "SG Porz"]

1. e4 c5 2. Nf3 e6 3. d4 cxd4 4. Nxd4 Nf6 5. Nc3 d6 6. Be2 a6 7. O-O Be7 8. Be3
Qc7 9. f4 b5 10. Bf3 Bb7 11. f5 e5 12. Nb3 Nbd7 13. g4 b4 14. Nd5 Bxd5 15. exd5
e4 16. Bg2 Qc4 17. Nd2 Qb5 18. Nxe4 Nb6 19. Nxf6+ Bxf6 20. Bd4 Bxd4+ 21. Qxd4
Qc5 22. Qxc5 dxc5 23. Rae1+ Kd7 24. f6 Rhe8 25. Rxe8 Rxe8 26. fxg7 Rg8 27.
Rxf7+ Kd6 28. Be4 1-0

[Event "DVM 2008 U20"]
[Site "Arendsee"]
[Date "2008.12.28"]
[Round "4.5"]
[White "Gadschisade, Machmud"]
[Black "Wölfer, Jan"]
[Result "0-1"]
[WhiteElo "1891"]
[BlackElo "1802"]
[PlyCount "102"]
[EventDate "2008.??.??"]
[WhiteTeam "SG Porz"]
[BlackTeam "SV Sangerhausen"]

1. c4 e5 2. Nc3 Nc6 3. g3 g6 4. Bg2 Bg7 5. Nf3 Nge7 6. O-O O-O 7. e3 d6 8. d3
f5 9. a3 Rb8 10. Rb1 h6 11. d4 e4 12. Nd2 g5 13. b4 Ng6 14. Bb2 Nce7 15. h3 Be6
16. b5 Qc8 17. Kh2 Kh7 18. a4 Ng8 19. a5 Nf6 20. Na4 d5 21. cxd5 Bxd5 22. Ba3
Rf7 23. Qc2 h5 24. Rfc1 Qe8 25. b6 axb6 26. axb6 c6 27. Bd6 Rc8 28. Nc5 Bf8 29.
Bc7 Bxc5 30. Qxc5 h4 31. Ra1 hxg3+ 32. fxg3 Nd7 33. Qc2 Ra8 34. Nc4 Rxa1 35.
Rxa1 Bxc4 36. Qxc4 Qe7 37. Bd8 Qf8 38. Bxg5 Nxb6 39. Qe6 Nd5 40. Ra8 Qg7 41. h4
Nc7 42. Qc8 Rf8 43. h5 Rxc8 44. Rxc8 Nf8 45. Bf4 Nce6 46. Bd6 Qh6 47. g4 fxg4
48. Bxe4+ Kg8 49. Bg6 Qxe3 50. Re8 Qf2+ 51. Kh1 g3 0-1

[Event "DVM 2008 U20"]
[Site "Arendsee"]
[Date "2008.12.28"]
[Round "4.6"]
[White "Ellemann, Stefan"]
[Black "Sistig, Max"]
[Result "1-0"]
[WhiteElo "1647"]
[BlackElo "1810"]
[PlyCount "107"]
[EventDate "2008.??.??"]
[WhiteTeam "SV Sangerhausen"]
[BlackTeam "SG Porz"]

1. d4 Nf6 2. c4 g6 3. Nc3 Bg7 4. e4 O-O 5. g3 d6 6. Bg2 Nc6 7. Nge2 e5 8. O-O
exd4 9. Nxd4 Nxd4 10. Qxd4 Re8 11. Qd3 Nd7 12. Be3 Ne5 13. Qe2 Be6 14. b3 Nxc4
15. bxc4 Bxc3 16. Rad1 Qc8 17. Qd3 Bg7 18. Rfe1 b6 19. e5 Rb8 20. exd6 cxd6 21.
Qxd6 Qxc4 22. Bc6 Bf8 23. Qe5 Bg7 24. Qd6 Rec8 25. Bb7 Re8 26. Bc6 Rec8 27. Bd5
Bxd5 28. Rxd5 Qc6 29. Qd7 a5 30. Rb1 Qxd7 31. Rxd7 Rc2 32. Rxb6 Rf8 33. Rbb7
Be5 34. a3 Rc3 35. Kg2 h5 36. Ra7 Rc6 37. Rxa5 Re8 38. Raa7 f5 39. Bd4 Bxd4 40.
Rxd4 Rec8 41. Rdd7 Kf8 42. a4 Kg8 43. a5 Re6 44. a6 Rec6 45. Rg7+ Kh8 46. Rh7+
Kg8 47. Rag7+ Kf8 48. a7 h4 49. Rb7 h3+ 50. Kxh3 Kg8 51. Rhd7 Ra8 52. Rb8+ Rc8
53. Rxa8 Rxa8 54. Rb7 1-0

[Event "DVM 2008 U20"]
[Site "Arendsee"]
[Date "2008.12.28"]
[Round "4.1"]
[White "Armbrust, Florian"]
[Black "Hauser, Carlos"]
[Result "1/2-1/2"]
[WhiteElo "2311"]
[BlackElo "2140"]
[PlyCount "100"]
[EventDate "2008.??.??"]
[WhiteTeam "TSV Schott Mainz"]
[BlackTeam "SV 1947 Walldorf"]

1. e4 c5 2. Nc3 Nc6 3. Bb5 g6 4. Bxc6 dxc6 5. d3 Bg7 6. Be3 b6 7. Qd2 h6 8.
Nge2 Nf6 9. h3 e5 10. O-O Nh5 11. a3 g5 12. b4 cxb4 13. axb4 O-O 14. Ra3 Qe7
15. Bxb6 Qxb4 16. Rxa7 Rxa7 17. Bxa7 Nf4 18. Qe3 Re8 19. Qc5 Qxc5 20. Bxc5 Bf8
21. Bxf8 Kxf8 22. Nxf4 gxf4 23. Rb1 Ke7 24. f3 Kd6 25. Ne2 Bd7 26. d4 f6 27.
Rd1 Ke7 28. c4 Ra8 29. d5 Ra2 30. Nc3 Rc2 31. Rd3 Rc1+ 32. Kf2 Rc2+ 33. Kf1
Rc1+ 34. Kf2 Rc2+ 35. Kg1 Rc1+ 36. Kh2 Rc2 37. dxc6 Bxc6 38. Nd5+ Ke6 39. Rc3
Rb2 40. h4 Bb7 41. Ra3 f5 42. exf5+ Kxf5 43. Ra5 Rc2 44. Rb5 Bxd5 45. cxd5 Rd2
46. Kh3 Rd1 47. g4+ fxg3 48. Kxg3 Rd3 49. Kf2 e4 50. fxe4+ Kxe4 1/2-1/2

[Event "DVM 2008 U20"]
[Site "Arendsee"]
[Date "2008.12.28"]
[Round "4.2"]
[White "Frey, Alisa"]
[Black "Dann, Matthias"]
[Result "1/2-1/2"]
[WhiteElo "2041"]
[BlackElo "2259"]
[PlyCount "90"]
[EventDate "2008.??.??"]
[WhiteTeam "SV 1947 Walldorf"]
[BlackTeam "TSV Schott Mainz"]

1. e4 e6 2. d4 d5 3. Nc3 Bb4 4. e5 Ne7 5. a3 Bxc3+ 6. bxc3 c5 7. Qg4 O-O 8. Bd3
f5 9. exf6 Rxf6 10. Bg5 Rf7 11. Qh5 g6 12. Qd1 Qa5 13. Bd2 Nbc6 14. Nf3 Qc7 15.
O-O c4 16. Be2 e5 17. dxe5 Nxe5 18. Nd4 Bd7 19. Be3 Qa5 20. Nf3 Nxf3+ 21. Bxf3
Bf5 22. Rb1 b6 23. Bg5 Be4 24. Bxe4 dxe4 25. Bxe7 Rxe7 26. Qd4 Rc8 27. Rb4 Qc5
28. Re1 Rcc7 29. Kf1 Qc6 30. a4 h5 31. h3 Kh7 32. g4 hxg4 33. Re3 Qe6 34. hxg4
Qxg4 35. Rg3 Qd7 36. Rxc4 Qxd4 37. Rxd4 Rc6 38. Ke2 Kg7 39. Re3 Rce6 40. c4 Kf6
41. c5 bxc5 42. Rc4 Re5 43. Rec3 Rc7 44. Ke3 Kf5 45. Rb3 g5 1/2-1/2

[Event "DVM 2008 U20"]
[Site "Arendsee"]
[Date "2008.12.28"]
[Round "4.3"]
[White "Endress, Anna"]
[Black "Kappe, Benedikt"]
[Result "1/2-1/2"]
[WhiteElo "2044"]
[BlackElo "1985"]
[PlyCount "95"]
[EventDate "2008.??.??"]
[WhiteTeam "TSV Schott Mainz"]
[BlackTeam "SV 1947 Walldorf"]

1. e4 c6 2. d4 d5 3. Nc3 dxe4 4. Nxe4 Bf5 5. Ng3 Bg6 6. h4 h6 7. Nf3 Nd7 8. h5
Bh7 9. Bd3 Bxd3 10. Qxd3 Ngf6 11. Bf4 Qa5+ 12. Bd2 Qc7 13. O-O-O e6 14. Ne4
Nxe4 15. Qxe4 Nf6 16. Qe2 O-O-O 17. g3 c5 18. dxc5 Bxc5 19. Bf4 Bd6 20. Bxd6
Rxd6 21. Rxd6 Qxd6 22. Rd1 Qc7 23. Rd3 Nd5 24. Nd4 Rd8 25. a3 b6 26. Kb1 Kb7
27. f4 Nf6 28. Qf3+ Ka6 29. b4 Rd5 30. Rc3 Qd7 31. Nc6 Rd1+ 32. Kb2 Qd5 33.
Qe2+ Kb7 34. Ne7 Qd4 35. Nc6 Rb1+ 36. Kxb1 Qxc3 37. Nd8+ Kb8 38. Nxf7 Qxa3 39.
Qe5+ Ka8 40. Qd6 Nd5 41. Qd8+ Kb7 42. Qd7+ Kb8 43. Qd6+ Ka8 44. Qd8+ Kb7 45.
Qd7+ Kb8 46. Qe8+ Kc7 47. Qd8+ Kb7 48. Qd7+ 1/2-1/2

[Event "DVM 2008 U20"]
[Site "Arendsee"]
[Date "2008.12.28"]
[Round "4.4"]
[White "Mairon, Oliver"]
[Black "Katte, Nicolas"]
[Result "1-0"]
[WhiteElo "1719"]
[BlackElo "1906"]
[PlyCount "39"]
[EventDate "2008.??.??"]
[WhiteTeam "SV 1947 Walldorf"]
[BlackTeam "TSV Schott Mainz"]

1. f4 b6 2. e4 Bb7 3. Nc3 e6 4. d3 Bb4 5. Bd2 d6 6. Nf3 f5 7. a3 Bxc3 8. Bxc3
fxe4 9. dxe4 Nf6 10. Bd3 Nxe4 11. Bxe4 Bxe4 12. Qe2 d5 13. Ng5 Rg8 14. O-O-O
Qe7 15. Nxe4 dxe4 16. Qxe4 c6 17. Rhe1 Kf7 18. f5 Re8 19. fxe6+ Qxe6 20. Qf4+
1-0

[Event "DVM 2008 U20"]
[Site "Arendsee"]
[Date "2008.12.28"]
[Round "4.5"]
[White "Welke, Vincent"]
[Black "Busch, Christian"]
[Result "1-0"]
[WhiteElo "1722"]
[BlackElo "1663"]
[PlyCount "35"]
[EventDate "2008.??.??"]
[WhiteTeam "TSV Schott Mainz"]
[BlackTeam "SV 1947 Walldorf"]

1. e4 c5 2. Nf3 d6 3. d4 cxd4 4. Nxd4 Nf6 5. Nc3 a6 6. Be3 e6 7. Be2 Qc7 8. O-O
b5 9. f4 b4 10. e5 bxc3 11. exf6 gxf6 12. bxc3 Qxc3 13. Bf2 e5 14. Bf3 Ra7 15.
Nb5 axb5 16. Bxa7 Nc6 17. Bb6 Rg8 18. Qd3 1-0

[Event "DVM 2008 U20"]
[Site "Arendsee"]
[Date "2008.12.28"]
[Round "4.6"]
[White "Buchholz, Daniel"]
[Black "Künitz, Michael"]
[Result "0-1"]
[WhiteElo "1467"]
[BlackElo "1674"]
[PlyCount "72"]
[EventDate "2008.??.??"]
[WhiteTeam "SV 1947 Walldorf"]
[BlackTeam "TSV Schott Mainz"]

1. e4 e6 2. d4 d5 3. exd5 exd5 4. c4 c6 5. Nc3 Nf6 6. Nf3 Bb4 7. Bd3 O-O 8. O-O
Bg4 9. cxd5 cxd5 10. Be2 Qc7 11. Qb3 Bxc3 12. bxc3 Nbd7 13. Rb1 Rfe8 14. Bd1
Nb6 15. Nd2 Bxd1 16. Rxd1 Re2 17. Rb2 Rae8 18. Nf3 Rxb2 19. Qxb2 Na4 20. Qc2
Nxc3 21. Re1 Rc8 22. Ba3 Nce4 23. Qxc7 Rxc7 24. Rc1 Rxc1+ 25. Bxc1 Ng4 26. Be3
Nxe3 27. fxe3 Nc3 28. a3 Nd1 29. e4 dxe4 30. Nd2 e3 31. Nf3 e2 32. g3 b5 33.
Ne1 a5 34. Kg2 b4 35. axb4 axb4 36. Kf3 b3 0-1

[Event "DVM 2008 U20"]
[Site "Arendsee"]
[Date "2008.12.28"]
[Round "4.1"]
[White "Luo, Xinping"]
[Black "Aulich, Marcell"]
[Result "1-0"]
[WhiteElo "1920"]
[BlackElo "2114"]
[PlyCount "119"]
[EventDate "2008.??.??"]
[WhiteTeam "Heilbronner SV"]
[BlackTeam "SF Brackel 1930"]

1. e4 c5 2. Nf3 Nc6 3. d4 cxd4 4. Nxd4 Nf6 5. Nc3 e5 6. Ndb5 d6 7. Bg5 a6 8.
Na3 b5 9. Nd5 Be7 10. Bxf6 Bxf6 11. c3 O-O 12. Nc2 Bg5 13. a4 bxa4 14. Rxa4 a5
15. Bb5 Ne7 16. Nxe7+ Qxe7 17. Nb4 Be6 18. Bc6 Rab8 19. Rxa5 Qc7 20. Qa4 Bc4
21. Nd5 Qd8 22. Bb5 Qxa5 23. Qxa5 Ra8 24. Bxc4 Rxa5 25. Ke2 Rc5 26. Bb3 Rb8 27.
Nb4 Rcc8 28. Bd5 Kf8 29. Ra1 Rc7 30. Kd3 Rbc8 31. Ra6 Be7 32. Nc2 g6 33. f3 f5
34. Ne3 fxe4+ 35. Kxe4 Kg7 36. Kd3 Rb8 37. b4 Kf6 38. Be4 Rd7 39. Bc6 Rdd8 40.
Bd5 h5 41. Ra7 Rdc8 42. Nc4 Rb5 43. Ke4 h4 44. Rd7 Rd8 45. Rc7 Rf8 46. Bc6 d5+
47. Bxd5 Bxb4 48. cxb4 Rxb4 49. Rc6+ Kg5 50. Kxe5 Rf5+ 51. Ke4 Rf4+ 52. Ke3
Rb3+ 53. Ke2 Rb8 54. Be4 Rf6 55. Rc5+ Kh6 56. g3 Ra6 57. Ne3 Rb2+ 58. Nc2 Rb1
59. Kf2 h3 60. g4 1-0